The fertile crescent, 1800-1914 : a documentary economic history
Αποθηκεύτηκε σε:
| Κύριος συγγραφέας: | |
|---|---|
| Μορφή: | Βιβλίο |
| Γλώσσα: | English |
| Δημοσίευση: |
New York :
Oxford University Press,
1988
|
| Σειρά: | Studies in Middle Eastern history
|
| Θέματα: | |
| Ετικέτες: |
Προσθήκη ετικέτας
Δεν υπάρχουν, Καταχωρήστε ετικέτα πρώτοι!
|
MARC
| LEADER | 00000nam a2200000 i 4500 | ||
|---|---|---|---|
| 001 | 1/65705 | ||
| 008 | 931013s eng d | ||
| 020 | |a 0-19-504951-9 | ||
| 035 | |a ΛΕΣΒΟΣb10001601 |l 10001601 | ||
| 040 | |a GR-MY-UA |b gre |e aacr | ||
| 041 | 0 | |a eng | |
| 082 | 0 | |a 330.956 | |
| 100 | 1 | |a Issawi, Charles Philip. | |
| 245 | 1 | 4 | |a The fertile crescent, 1800-1914 : |b a documentary economic history / |c Charles Issawi |
| 260 | |a New York : |b Oxford University Press, |c 1988 | ||
| 300 | |a 502 p.; |c 24 cm. | ||
| 490 | 1 | |a Studies in Middle Eastern history | |
| 504 | |a Includes index | ||
| 651 | 0 | |a Middle East |x Economic conditions |y 19th century. | |
| 651 | 0 | |a Middle East |x History |y 1517- | |
| 830 | 0 | |a Studies in Middle Eastern history | |
| 852 | |a INST |b LESVOS |e 19931013 |h 330.956 ISS |p 005100004460 |q 005100004460 |t BK |y 0 | ||
| 909 | |a Λ |b 018675 | ||